Catálogo
 En Linea

El centenario de la República de Cuba y el Movimiento de los Trabajadores : (Registro nro. 5507)

Detalles MARC
000 -CABECERA
campo de control de longitud fija 00892cam a2200181 a 4500
001 - NÚMERO DE CONTROL
campo de control 000005711
005 - FECHA Y HORA DE LA ÚLTIMA TRANSACCIÓN
campo de control 20200929151744.0
008 - DATOS DE LONGITUD FIJA--INFORMACIÓN GENERAL
campo de control de longitud fija 041115s2003 ve 000 0 spa
040 ## - FUENTE DE LA CATALOGACIÓN
Centro catalogador/agencia de origen DO-SdBNP
Lengua de catalogación spa
Centro/agencia transcriptor BNPHU
082 ## - NÚMERO DE LA CLASIFICACIÓN DECIMAL DEWEY
Número de clasificación 331.097291
Número de documento/Ítem C397r
245 03 - MENCIÓN DE TÍTULO
Título El centenario de la República de Cuba y el Movimiento de los Trabajadores :
Resto del título concurso de ensayo periodístico /
Mención de responsabilidad, etc. editado por el Centro de Formación y Divulgación (CEDOF) de la Solidaridad de Trabajadores Cubanos (STC).
260 ## - PUBLICACIÓN, DISTRIBUCIÓN, ETC.
Lugar de publicación, distribución, etc. [Caracas, Venezuela] :
Nombre del editor, distribuidor, etc. Solidaridad de Trabajadores Cubanos (STC),
Fecha de publicación, distribución, etc. 2003.
300 ## - DESCRIPCIÓN FÍSICA
Extensión 194 p. ;
Dimensiones 20 cm.
650 #4 - PUNTO DE ACCESO ADICIONAL DE MATERIA--TÉRMINO DE MATERIA
Término de materia o nombre geográfico como elemento de entrada Movimiento obrero
Subdivisión geográfica Cuba
Subdivisión general Historia
Subdivisión cronológica SIGLO XX
9 (RLIN) 16142
650 #4 - PUNTO DE ACCESO ADICIONAL DE MATERIA--TÉRMINO DE MATERIA
Término de materia o nombre geográfico como elemento de entrada Sindicatos
Subdivisión geográfica Cuba
Subdivisión general Historia
Subdivisión cronológica SIGLO XX
9 (RLIN) 16143
650 #4 - PUNTO DE ACCESO ADICIONAL DE MATERIA--TÉRMINO DE MATERIA
Término de materia o nombre geográfico como elemento de entrada Clase obrera
Subdivisión geográfica Cuba
Subdivisión general Historia
Subdivisión cronológica SIGLO XX
9 (RLIN) 16144
710 2# - PUNTO DE ACCESO ADICIONAL--NOMBRE DE ENTIDAD CORPORATIVA
Nombre de entidad corporativa o nombre de jurisdicción como elemento de entrada Solidaridad de Trabajadores Cubanos (Organización).
Unidad subordinada Centro de Formación y Divulgación.
9 (RLIN) 16145
Existencias
Estado de retiro Estado de pérdida Restricciones de uso No para préstamo Código de colección Localización permanente Ubicación/localización actual Ubicación en estantería Fecha de adquisición Número de inventario Total de préstamos Signatura topográfica completa Código de barras Fecha visto por última vez Precio válido a partir de Tipo de ítem Koha Número de copia
      Excluido de préstamo Monografías: Libros y Folletos General General Depósito 21.08.2009 LF1   331.097291 C397r 5711-10 25.06.2020 25.06.2020 No se presta  
  Extraviado   Excluido de préstamo Monografías: Libros y Folletos General General Extraviado 24.04.2017 LF1   331.097291 C397r 5711-20 25.06.2020 25.06.2020 No se presta e. 2

Con tecnología Koha